[Event "Hanoi IM-B"]
[Site "Hanoi"]
[Date "2023.05.30"]
[Round "1"]
[White "Hemant, Sharma"]
[Black "Priyanka, Nutakki"]
[Result "1/2-1/2"]
[WhiteElo "2374"]
[BlackElo "2345"]
[PlyCount "43"]
[EventDate "2023.05.30"]
[EventType "tourn"]
[EventRounds "9"]
[EventCountry "VIE"]
[SourceTitle "EXT 2024"]
[Source "ChessBase"]
[SourceDate "2023.10.10"]
[SourceVersion "1"]
[SourceVersionDate "2023.10.10"]
[SourceQuality "1"]

1. c4 e6 2. e4 d5 3. cxd5 exd5 4. exd5 Nf6 5. Bb5+ Bd7 6. Bc4 Bd6 7. Qe2+ Be7 8. Nf3 0-0 9. 0-0 Bg4 10. h3 Bh5 11. g4 Bg6 12. Ne5 Bxb1 13. Rxb1 Nxd5 14. d4 c6 15. Qf3 Nd7 16. Bxd5 cxd5 17. Qxd5 Nxe5 18. Qxe5 Bf6 19. Qb5 Qxd4 20. Qxb7 Rab8 21. Qf3 Qa4 22. Be3 1/2-1/2

[Event "Titled Tuesday intern op 13th Oct"]
[Site "Chess.com INT"]
[Date "2020.10.13"]
[Round "6"]
[White "Hemant, Sharma"]
[Black "Chernomordik, Pavel"]
[Result "1-0"]
[WhiteElo "2356"]
[BlackElo "2177"]
[PlyCount "85"]
[EventDate "2020.10.13"]
[EventType "swiss (blitz)"]
[EventRounds "10"]
[EventCountry "USA"]
[SourceTitle "CBM 198 Extra"]
[Source "ChessBase"]
[SourceDate "2020.11.30"]
[SourceVersion "1"]
[SourceVersionDate "2020.11.30"]
[SourceQuality "1"]

1. e4 g6 2. Nc3 Bg7 3. g3 d6 4. Bg2 Nf6 5. d3 Nbd7 6. Nge2 c5 7. h3 0-0 8. Be3 Rb8 9. Qd2 b5 10. Bh6 b4 11. Nd1 e5 12. Bxg7 Kxg7 13. Ne3 Bb7 14. f4 Nb6 15. 0-0 c4 16. Qxb4 cxd3 17. cxd3 Ba6 18. Qd2 Na4 19. b4 Qb6 20. Rab1 Nd7 21. Kh2 Bb7 22. Nc4 Qa6 23. b5 Qb6 24. Nxb6 Ndxb6 25. Rfc1 d5 26. fxe5 dxe4 27. Bxe4 Bxe4 28. dxe4 Rbd8 29. Qf4 Nd7 30. Rd1 Nab6 31. Nd4 Rc8 32. e6 Nc5 33. e7 Rfe8 34. e5 Nbd7 35. Nc6 a6 36. a4 axb5 37. axb5 Ra8 38. Rd2 Ne6 39. Qf2 Ndc5 40. Rf1 Ng5 41. Qxc5 Ne4 42. Qe3 Nxd2 43. Qxd2 1-0

[Event "Titled Tuesday intern op 13th Oct"]
[Site "Chess.com INT"]
[Date "2020.10.13"]
[Round "1"]
[White "Hemant, Sharma"]
[Black "Martinez Alcantara, Jose Eduardo"]
[Result "0-1"]
[WhiteElo "2356"]
[BlackElo "2620"]
[PlyCount "62"]
[EventDate "2020.10.13"]
[EventType "swiss (blitz)"]
[EventRounds "10"]
[EventCountry "USA"]
[SourceTitle "CBM 198 Extra"]
[Source "ChessBase"]
[SourceDate "2020.11.30"]
[SourceVersion "1"]
[SourceVersionDate "2020.11.30"]
[SourceQuality "1"]

1. e4 c5 2. Nc3 Nc6 3. g3 g6 4. Bg2 Bg7 5. d3 d6 6. Nge2 e6 7. 0-0 Nge7 8. Bg5 h6 9. Be3 Nd4 10. Qd2 Nec6 11. Nc1 Nb4 12. Bxd4 Bxd4 13. N1e2 Bg7 14. f4 0-0 15. g4 Nc6 16. Kh1 Bd7 17. f5 Ne5 18. Qf4 Re8 19. f6 Bf8 20. Rad1 Rc8 21. Ng3 Qb6 22. Rb1 c4 23. dxc4 Nxc4 24. g5 Qe3 25. Qxe3 Nxe3 26. Rfe1 Nxc2 27. Re2 Nd4 28. Rd2 Nb5 29. Nxb5 Bxb5 30. h4 hxg5 31. hxg5 Rc5 0-1

[Event "Titled Tuesday intern op 13th Oct"]
[Site "Chess.com INT"]
[Date "2020.10.13"]
[Round "3"]
[White "Mrudul, Dehankar"]
[Black "Hemant, Sharma"]
[Result "1-0"]
[WhiteElo "2256"]
[BlackElo "2356"]
[PlyCount "58"]
[EventDate "2020.10.13"]
[EventType "swiss (blitz)"]
[EventRounds "10"]
[EventCountry "USA"]
[SourceTitle "CBM 198 Extra"]
[Source "ChessBase"]
[SourceDate "2020.11.30"]
[SourceVersion "1"]
[SourceVersionDate "2020.11.30"]
[SourceQuality "1"]

1. e4 c5 2. Nf3 d6 3. d4 cxd4 4. Nxd4 Nf6 5. Nc3 a6 6. Bg5 e6 7. f4 Be7 8. Qf3 h6 9. Bh4 Qc7 10. 0-0-0 Nbd7 11. g4 g5 12. e5 dxe5 13. fxg5 hxg5 14. Bg3 Qc5 15. Nb3 Qb4 16. Be2 e4 17. Qe3 Qb6 18. Qxg5 Nd5 19. Qd2 Nxc3 20. Qxc3 Bf6 21. Qd2 e3 22. Qd3 Ne5 23. Qe4 Qc6 24. Qf4 Bg7 25. Rhf1 Rf8 26. Qxe3 Bd7 27. Bxe5 Bxe5 28. Qxe5 Rc8 29. Rd2 b5 1-0

[Event "Titled Tuesday intern op 13th Oct"]
[Site "Chess.com INT"]
[Date "2020.10.13"]
[Round "7"]
[White "Muminova, Nafisa"]
[Black "Hemant, Sharma"]
[Result "1-0"]
[WhiteElo "2274"]
[BlackElo "2356"]
[PlyCount "103"]
[EventDate "2020.10.13"]
[EventType "swiss (blitz)"]
[EventRounds "10"]
[EventCountry "USA"]
[SourceTitle "CBM 198 Extra"]
[Source "ChessBase"]
[SourceDate "2020.11.30"]
[SourceVersion "1"]
[SourceVersionDate "2020.11.30"]
[SourceQuality "1"]

1. e4 c5 2. Nf3 d6 3. d4 cxd4 4. Nxd4 Nf6 5. Nc3 a6 6. f3 e5 7. Nb3 Be7 8. Be3 Be6 9. g4 0-0 10. h4 d5 11. g5 Nxe4 12. fxe4 d4 13. Nxd4 exd4 14. Qxd4 Nc6 15. Qxd8 Rfxd8 16. Rd1 Bb4 17. a3 Ba5 18. b4 Bc7 19. Be2 Bg3+ 20. Bf2 Be5 21. Nd5 Bxd5 22. exd5 Bc3+ 23. Kf1 Ne5 24. Kg2 Ng6 25. Bg3 Be5 26. h5 Nf4+ 27. Bxf4 Bxf4 28. g6 b5 29. gxf7+ Kf8 30. c4 bxc4 31. Bxc4 Rac8 32. Bxa6 Rc2+ 33. Kf3 Bg5 34. Kg4 h6 35. Rhf1 Rc3 36. Rf3 Rc2 37. d6 Bd2 38. Rd3 Bg5 39. Bb7 Kxf7 40. Bd5+ Kf8 41. Rf3+ Bf6 42. Bb3 Rg2+ 43. Kh3 Rg5 44. a4 Rxh5+ 45. Kg2 Rh4 46. b5 Re8 47. d7 Rd8 48. a5 Rb4 49. b6 Rb5 50. Rd5 Rxd5 51. Bxd5 Rxd7 52. b7 1-0

[Event "Pardubice Czech op-A 30th"]
[Site "Pardubice"]
[Date "2019.07.25"]
[Round "7"]
[White "Hemant, Sharma"]
[Black "Vorobiov, Evgeny E"]
[Result "1/2-1/2"]
[WhiteElo "2355"]
[BlackElo "2578"]
[PlyCount "39"]
[EventDate "2019.07.19"]
[EventType "swiss"]
[EventRounds "9"]
[EventCountry "CZE"]
[SourceTitle "CBM 191"]
[Source "ChessBase"]
[SourceDate "2019.08.31"]
[SourceVersion "1"]
[SourceVersionDate "2019.08.31"]
[SourceQuality "1"]

1. c4 c5 2. g3 g6 3. Bg2 Bg7 4. Nc3 Nc6 5. e4 Nf6 6. Nge2 0-0 7. d3 d6 8. 0-0 a6 9. Rb1 Rb8 10. h3 b5 11. b3 Ne8 12. Be3 Nc7 13. d4 cxd4 14. Nxd4 Bxd4 15. Bxd4 bxc4 16. Be3 cxb3 17. Rxb3 Rxb3 18. Qxb3 Bd7 19. Nd5 Ne6 20. Rc1 1/2-1/2

[Event "Pardubice Czech op-A 30th"]
[Site "Pardubice"]
[Date "2019.07.21"]
[Round "3"]
[White "Hemant, Sharma"]
[Black "Husek, Martin"]
[Result "1-0"]
[WhiteElo "2355"]
[BlackElo "2182"]
[PlyCount "73"]
[EventDate "2019.07.19"]
[EventType "swiss"]
[EventRounds "9"]
[EventCountry "CZE"]
[SourceTitle "CBM 191"]
[Source "ChessBase"]
[SourceDate "2019.08.31"]
[SourceVersion "1"]
[SourceVersionDate "2019.08.31"]
[SourceQuality "1"]

1. e4 c5 2. Nc3 Nc6 3. g3 g6 4. Bg2 Bg7 5. d3 d6 6. Be3 e6 7. Qd2 Rb8 8. Nge2 b5 9. 0-0 b4 10. Nd1 Nge7 11. Bh6 0-0 12. Bxg7 Kxg7 13. Ne3 e5 14. f4 f6 15. c3 bxc3 16. bxc3 Qa5 17. Nc4 Qc7 18. fxe5 fxe5 19. Rxf8 Kxf8 20. Rf1+ Kg7 21. Nf4 Bd7 22. Nd5 Nxd5 23. exd5 Ne7 24. Qf2 Ng8 25. Qf7+ Kh8 26. Bh3 Rb7 27. Bxd7 Qxd7 28. Nxd6 Qxf7 29. Nxf7+ Kg7 30. Nxe5 Re7 31. Nc4 Nf6 32. d6 Rd7 33. Re1 Nd5 34. Re5 Nxc3 35. Rxc5 Kf6 36. Ne5 Rxd6 37. Ng4+ 1-0

[Event "PRO League Stage"]
[Site "Chess.com INT"]
[Date "2019.03.13"]
[Round "10"]
[White "Bazeev, German"]
[Black "Hemant, Sharma"]
[Result "0-1"]
[WhiteElo "2423"]
[BlackElo "2377"]
[PlyCount "39"]
[EventDate "2019.01.08"]
[EventType "team-swiss (rapid)"]
[EventRounds "10"]
[EventCountry "USA"]
[SourceTitle "CBM 189 Extra"]
[Source "ChessBase"]
[SourceDate "2019.06.03"]
[SourceVersion "1"]
[SourceVersionDate "2019.06.03"]
[SourceQuality "1"]
[WhiteTeam "Volga Stormbringers"]
[BlackTeam "Delhi Dynamite"]
[WhiteTeamCountry "RUS"]
[BlackTeamCountry "IND"]

1. d4 d5 2. Nf3 Nf6 3. c4 e6 4. g3 dxc4 5. Bg2 Nc6 6. Qa4 Bb4+ 7. Bd2 Nd5 8. Qb5 0-0 9. 0-0 Bxd2 10. Nbxd2 c3 11. bxc3 Nxc3 12. Qd3 Nxd4 13. Qc4 Ncxe2+ 14. Kh1 b5 15. Qc5 Bb7 16. Rad1 Qd5 17. Qa3 b4 18. Qe3 c5 19. h3 Nc3 20. Nb3 0-1

[Event "Douglas IoM op"]
[Site "Douglas"]
[Date "2018.10.27"]
[Round "8"]
[White "Harsha, Bharathakoti"]
[Black "Hemant, Sharma"]
[Result "1/2-1/2"]
[WhiteElo "2492"]
[BlackElo "2393"]
[PlyCount "83"]
[EventDate "2018.10.20"]
[EventType "swiss"]
[EventRounds "9"]
[EventCountry "ENG"]
[SourceTitle "CBM 187"]
[Source "ChessBase"]
[SourceDate "2018.12.11"]
[SourceVersion "1"]
[SourceVersionDate "2018.12.11"]
[SourceQuality "1"]

1. d4 d5 2. c4 e6 3. Nf3 Nf6 4. Bg5 Be7 5. e3 h6 6. Bxf6 Bxf6 7. Qc2 c6 8. Nc3 Nd7 9. a3 Qe7 10. Rd1 0-0 11. Bd3 Nb6 12. cxd5 exd5 13. Bh7+ Kh8 14. Bf5 Bxf5 15. Qxf5 Nc4 16. Qc2 g6 17. 0-0 Bg7 18. Ne2 Rae8 19. Rfe1 Nd6 20. Nf4 a6 21. Rc1 Kg8 22. Nd3 Qe4 23. Nd2 Qe7 24. b4 h5 25. a4 h4 26. h3 Qd8 27. Qd1 Re6 28. Nc5 Ree8 29. Qg4 Re7 30. Qxh4 Rxe3 31. Qxd8 Rxe1+ 32. Rxe1 Rxd8 33. Ndb3 b6 34. Nd3 Kf8 35. Ne5 Bxe5 36. Rxe5 Ne4 37. f3 Rd6 38. Nc5 bxc5 39. bxc5 Nxc5 40. dxc5 Re6 41. Rxe6 fxe6 42. h4 1/2-1/2

[Event "PRO League Stage"]
[Site "Chess.com INT"]
[Date "2018.03.07"]
[Round "9"]
[White "Sharafiev, Azat"]
[Black "Hemant, Sharma"]
[Result "1-0"]
[WhiteElo "2432"]
[BlackElo "2348"]
[PlyCount "111"]
[EventDate "2018.01.18"]
[EventType "team-swiss (rapid)"]
[EventRounds "9"]
[EventCountry "USA"]
[SourceTitle "EXT 2019"]
[Source "ChessBase"]
[SourceDate "2018.10.10"]
[SourceVersion "1"]
[SourceVersionDate "2018.10.10"]
[SourceQuality "1"]
[WhiteTeam "Volga Stormbringers"]
[BlackTeam "Delhi Dynamite"]
[WhiteTeamCountry "RUS"]
[BlackTeamCountry "IND"]

1. c4 e6 2. Nf3 Nf6 3. d4 d5 4. g3 Be7 5. Bg2 0-0 6. 0-0 dxc4 7. Qc2 a6 8. a4 Nc6 9. Qxc4 Nb4 10. a5 b5 11. Qb3 Bb7 12. Bd2 Bd5 13. Qd1 c5 14. Bxb4 cxb4 15. Nbd2 Rc8 16. Re1 Qc7 17. Ne5 Qc2 18. Bxd5 exd5 19. Nd3 Ne4 20. Nb3 Qxd1 21. Raxd1 Rc4 22. f3 Ng5 23. Kf2 Ne6 24. e3 f6 25. Rc1 Kf7 26. Nd2 Rfc8 27. Ke2 Rc2 28. Rxc2 Rxc2 29. Rc1 Rxc1 30. Nxc1 Nd8 31. Nd3 Nb7 32. Nb3 Bd8 33. Nxb4 Nxa5 34. Nxa5 Bxa5 35. Nxa6 Ke6 36. Nc5+ Ke7 37. g4 Bb6 38. Nd3 g6 39. Nf4 Kd6 40. Kd3 f5 41. h3 Bd8 42. Ne2 Bh4 43. Nc3 Kc6 44. e4 fxe4+ 45. fxe4 dxe4+ 46. Kxe4 b4 47. Nd5 b3 48. Nc3 h5 49. Kd3 hxg4 50. hxg4 Be1 51. Kc4 Bxc3 52. Kxc3 Kd5 53. Kxb3 Kxd4 54. Ka4 Kc5 55. Ka5 Kc6 56. g5 1-0

[Event "PRO League Stage"]
[Site "Chess.com INT"]
[Date "2018.02.24"]
[Round "7"]
[White "Hemant, Sharma"]
[Black "Lee, Megan Shuen Hui"]
[Result "1-0"]
[WhiteElo "2348"]
[BlackElo "2163"]
[PlyCount "41"]
[EventDate "2018.01.18"]
[EventType "team-swiss (rapid)"]
[EventRounds "9"]
[EventCountry "USA"]
[SourceTitle "EXT 2019"]
[Source "ChessBase"]
[SourceDate "2018.10.10"]
[SourceVersion "1"]
[SourceVersionDate "2018.10.10"]
[SourceQuality "1"]
[WhiteTeam "Delhi Dynamite"]
[BlackTeam "Seattle Sluggers"]
[WhiteTeamCountry "IND"]
[BlackTeamCountry "USA"]

1. c4 c6 2. e4 e6 3. d4 d5 4. cxd5 exd5 5. e5 Bf5 6. Nc3 Bb4 7. Nf3 Nd7 8. Be2 f6 9. 0-0 fxe5 10. dxe5 Ne7 11. e6 Bxe6 12. Ng5 Nf8 13. Re1 d4 14. Nxe6 Nxe6 15. Qb3 dxc3 16. Qxb4 Nd4 17. Bh5+ g6 18. Bg5 a5 19. Rxe7+ Kf8 20. Bh6+ Kg8 21. Rg7# 1-0

[Event "PRO League Stage"]
[Site "Chess.com INT"]
[Date "2018.02.07"]
[Round "5"]
[White "Ehlvest, Jaan"]
[Black "Hemant, Sharma"]
[Result "1-0"]
[WhiteElo "2536"]
[BlackElo "2348"]
[PlyCount "99"]
[EventDate "2018.01.18"]
[EventType "team-swiss (rapid)"]
[EventRounds "9"]
[EventCountry "USA"]
[SourceTitle "CBM 182 Extra"]
[Source "ChessBase"]
[SourceDate "2018.02.23"]
[SourceVersion "1"]
[SourceVersionDate "2018.02.23"]
[SourceQuality "1"]
[WhiteTeam "Estonia Horses"]
[BlackTeam "Delhi Dynamite"]
[WhiteTeamCountry "EST"]
[BlackTeamCountry "IND"]

1. c4 e6 2. Nf3 Nf6 3. g3 d5 4. Bg2 c6 5. 0-0 Be7 6. b3 0-0 7. Bb2 Nbd7 8. d3 b6 9. Nbd2 Bb7 10. e4 c5 11. cxd5 exd5 12. e5 Ne8 13. Re1 Nc7 14. d4 Ne6 15. Nf1 Re8 16. Ne3 g6 17. h4 Bf8 18. Nh2 Nc7 19. h5 cxd4 20. Bxd4 Nxe5 21. Neg4 Nd7 22. Qd2 Ne6 23. Bb2 Qg5 24. f4 Qxh5 25. Ne5 Bc5+ 26. Kh1 Nxe5 27. Rxe5 Qh6 28. Rae1 Rad8 29. b4 Bf8 30. Kg1 Be7 31. Ng4 Qf8 32. f5 Bg5 33. Qxg5 Nxg5 34. Rxe8 Rxe8 35. Nf6+ Kg7 36. Nxe8+ Kh6 37. Bg7+ Qxg7 38. Nxg7 Kxg7 39. Re7 Bc8 40. fxg6 hxg6 41. Rxa7 d4 42. Kf2 Kf6 43. Rc7 Be6 44. a4 Ke5 45. a5 bxa5 46. bxa5 Ne4+ 47. Bxe4 Kxe4 48. a6 Bd5 49. a7 f5 50. Rc8 1-0

[Event "New Delhi Parsvnath op-A 16th"]
[Site "New Delhi"]
[Date "2018.01.16"]
[Round "10"]
[White "Hemant, Sharma"]
[Black "Pruijssers, Roeland"]
[Result "0-1"]
[WhiteElo "2348"]
[BlackElo "2536"]
[PlyCount "102"]
[EventDate "2018.01.09"]
[EventType "swiss"]
[EventRounds "10"]
[EventCountry "IND"]
[SourceTitle "CBM 182 Extra"]
[Source "ChessBase"]
[SourceDate "2018.02.23"]
[SourceVersion "1"]
[SourceVersionDate "2018.02.23"]
[SourceQuality "1"]

1. c4 f5 2. Nc3 Nf6 3. g3 g6 4. Bg2 Bg7 5. d3 0-0 6. e4 fxe4 7. dxe4 d6 8. Nge2 c5 9. 0-0 Nc6 10. h3 e5 11. Be3 Nd4 12. Kh2 Be6 13. b3 Nh5 14. f3 Rf7 15. Qd2 Qf8 16. Ng1 a6 17. Qd3 Bh6 18. Bxh6 Qxh6 19. Nce2 g5 20. Nxd4 cxd4 21. Rac1 Rc8 22. Qd2 Qg6 23. Ne2 Nf6 24. g4 Rfc7 25. Ng3 Nd7 26. Rfe1 h6 27. Bf1 Qf6 28. Nf5 Bxf5 29. exf5 Nc5 30. Kg1 Kg7 31. Qd1 h5 32. Rc2 hxg4 33. hxg4 Rh8 34. Rd2 Qh6 35. Bg2 Nd7 36. Kf2 Qh4+ 37. Kf1 Nf6 38. Qe2 Qg3 39. Qf2 Qf4 40. Rc2 Rhc8 41. Kg1 b5 42. Bf1 Rc5 43. Bd3 d5 44. cxb5 Rxc2 45. Bxc2 axb5 46. Bd1 b4 47. Qe2 Qg3+ 48. Kf1 Rh8 49. Qg2 Qf4 50. Kg1 d3 51. Qf2 d4 0-1

[Event "Douglas IoM op"]
[Site "Douglas"]
[Date "2017.09.30"]
[Round "8"]
[White "Gelfand, Boris"]
[Black "Hemant, Sharma"]
[Result "1/2-1/2"]
[WhiteElo "2737"]
[BlackElo "2342"]
[PlyCount "102"]
[EventDate "2017.09.23"]
[EventType "swiss"]
[EventRounds "9"]
[EventCountry "IOM"]
[SourceTitle "CBM 181"]
[Source "ChessBase"]
[SourceDate "2017.11.10"]
[SourceVersion "1"]
[SourceVersionDate "2017.11.10"]
[SourceQuality "1"]

1. d4 d5 2. c4 e6 3. Nc3 Nf6 4. cxd5 exd5 5. Bg5 c6 6. e3 Nbd7 7. Bd3 Be7 8. Nge2 0-0 9. Qc2 Re8 10. 0-0 Nf8 11. f3 Be6 12. Bh4 Ng6 13. Bf2 c5 14. Rad1 Rc8 15. Kh1 a6 16. a4 Qd7 17. a5 c4 18. Bxg6 hxg6 19. e4 Qc7 20. Ra1 b5 21. axb6 Qxb6 22. Bh4 Rb8 23. e5 Nh7 24. Bxe7 Rxe7 25. Ra2 Nf8 26. Rfa1 Rc7 27. Qd1 Rcb7 28. Qd2 Qd8 29. Nd1 Qh4 30. Rxa6 g5 31. Ra8 Ng6 32. g3 Qh5 33. R1a3 g4 34. f4 Ne7 35. Kg1 Qg6 36. Nec3 Nc6 37. Ne3 Kh7 38. Rxb8 Rxb8 39. Ra6 Bc8 40. f5 Qh6 41. Rxc6 Qxc6 42. f6 Qa6 43. Ncxd5 Qa1+ 44. Nf1 Qb1 45. Ne7 gxf6 46. exf6 Qxb2 47. Qf4 Bb7 48. d5 Qb6+ 49. Kh1 Qb1 50. Kg1 Qb6+ 51. Kg2 Qb2+ 1/2-1/2